| 000 | 00574nam a22001937a 4500 | ||
|---|---|---|---|
| 005 | 20170921104848.0 | ||
| 010 | _aENG-120437 | ||
| 020 |
_c140.00 _a9789350515464 |
||
| 035 | _aEN-103969 | ||
| 037 | _bDBAD/PUB | ||
| 082 | _a303.66071 | ||
| 100 | _aRao,Usha | ||
| 245 |
_aEducation for peace / _cby-Usha Rao |
||
| 260 |
_aMumbai _bHimalaya Publishing House _c2016 |
||
| 270 |
_bMumbai _aRamdoot,Bhalerao Marg,Girgaon _e400004 |
||
| 300 |
_a162p. _c22cm(pbk) _bill. |
||
| 500 | _aIncludes bibliographical references | ||
| 942 |
_cEN _h303.66071 _mRAO _2ddc |
||
| 999 |
_c145144 _d145144 |
||